000 00536nam a2200193Ia 4500
005 20250326145213.0
008 250326s9999 xx 000 0 und d
037 _aTextbook
040 _aFMSL
_beng
_cFMSL
041 _aeng
_2eng
084 _aT48 Q1
_qFMSL
100 _aSharma P R
_9308641
245 0 _aResearch methodology: concepts and studies
_cSharma P R And Others
260 _aNew Delhi
_bNew Delhi, R K
_c2011
365 _b1850
650 _aManagement
942 _cTB
_hT48 Q1
999 _c1306739
_d1306739